| 000 -LEADER |
| fixed length control field |
00887cam a2200265 a 4500 |
| 001 - CONTROL NUMBER |
| control field |
2824 |
| 003 - CONTROL NUMBER IDENTIFIER |
| control field |
BD-DhUAP |
| 005 - DATE AND TIME OF LATEST TRANSACTION |
| control field |
20200126124758.0 |
| 008 - FIXED-LENGTH DATA ELEMENTS--GENERAL INFORMATION |
| fixed length control field |
200126s1992 mdu b 001 0 eng |
| 020 ## - INTERNATIONAL STANDARD BOOK NUMBER |
| International Standard Book Number |
0847677737 |
| 040 ## - CATALOGING SOURCE |
| Original cataloging agency |
DLC |
| Transcribing agency |
BD-DhUAP |
| Modifying agency |
BD-DhUAP |
| Language of cataloging |
Eng |
| 043 ## - GEOGRAPHIC AREA CODE |
| Geographic area code |
n-us--- |
| 082 00 - DEWEY DECIMAL CLASSIFICATION NUMBER |
| Classification number |
305.31 RET |
| Edition number |
23 |
| 245 00 - TITLE STATEMENT |
| Title |
Rethinking masculinity : |
| Remainder of title |
philosophical explorations in light of feminism / |
| Statement of responsibility, etc. |
edited by Larry May and Robert A. Strikwerda, with the assistance of Patrick D. Hopkins. |
| 260 ## - PUBLICATION, DISTRIBUTION, ETC. |
| Place of publication, distribution, etc. |
Lanham, Maryland : |
| Name of publisher, distributor, etc. |
Rowman & Littlefield Publishers, |
| Date of publication, distribution, etc. |
c1992. |
| 300 ## - PHYSICAL DESCRIPTION |
| Extent |
xx, 236 pages ; |
| Dimensions |
24 cm. |
| 490 ## - SERIES STATEMENT |
| Series statement |
New feminist perspective series |
| 504 ## - BIBLIOGRAPHY, ETC. NOTE |
| Bibliography, etc. note |
Includes bibliographical references and index. |
| 650 #0 - SUBJECT ADDED ENTRY--TOPICAL TERM |
| Topical term or geographic name entry element |
Masculinity. |
| 650 #0 - SUBJECT ADDED ENTRY--TOPICAL TERM |
| Topical term or geographic name entry element |
Sex role. |
| 650 #0 - SUBJECT ADDED ENTRY--TOPICAL TERM |
| Topical term or geographic name entry element |
Feminist theory. |
| 700 1# - ADDED ENTRY--PERSONAL NAME |
| Personal name |
May, Larry. |
| 700 1# - ADDED ENTRY--PERSONAL NAME |
| Personal name |
Strikwerda, Robert A. |
| 942 ## - ADDED ENTRY ELEMENTS (KOHA) |
| Source of classification or shelving scheme |
|
| Koha item type |
Book |